| 000 | 00438nam a2200181Ia 4500 | ||
|---|---|---|---|
| 001 | 1819 | ||
| 005 | 20260306143756.0 | ||
| 008 | 260306t2012||||xx |||||||||||||| ||spa|| | ||
| 041 | _aESP | ||
| 082 |
_a155.5 _bM26 |
||
| 100 |
_aMartínez, Miquel (ed.) _eAUT |
||
| 245 | 0 | _aAdolescencia, aprendizaje y personalidad | |
| 260 | _c2012 | ||
| 300 |
_a334 páginas : _c23 cm. |
||
| 650 | _aGEN | ||
| 654 | _aCPS | ||
| 942 |
_cLIB _dJUS _fJUS _2ddc _n |
||
| 999 |
_c1819 _d1819 |
||